| 000 | 01172nam a2200325Ia 4500 | ||
|---|---|---|---|
| 001 | Para_8715 | ||
| 003 | CHAP | ||
| 008 | 220125s2002 xx 000 0 und d | ||
| 010 | _a205243 | ||
| 040 | _cCHAP | ||
| 090 | _aPA TESIS 1711 | ||
| 100 |
_aCanizal Mendoza, Arturo _918365 |
||
| 245 |
_aInteracción de coberturas vivas y labranza en la dinámica poblacional de malezas en frijol (Phaseolus vulgaris L.), en Chapingo, México / _c por Arturo Canizal Mendoza y Gener Catalán Batán |
||
| 260 |
_aChapingo, Méx. : _b los autores |
||
| 300 | _a61 h. | ||
| 502 | _aTesis (Ing. Agr. Esp. en Parasitología Agrícola) -- UACh. Departamento Parasitología Agrícola | ||
| 650 |
_aCultivos de cobertura _930371 |
||
| 650 |
_aFrijol _x malas hierbas _xcontrol _943402 |
||
| 650 |
_aLabranza _964303 |
||
| 650 |
_aMalas hierbas _x competencia _970009 |
||
| 700 |
_aCatalán Batán, Gener _920475 |
||
| 710 |
_aUACh. Departamento Parasitología Agrícola _9164025 |
||
| 901 | _aPA TESIS 1711 | ||
| 902 | _aA | ||
| 905 | _a0000002002 in 0000000000 00 | ||
| 910 | _a2002 | ||
| 942 | _cPARA | ||
| 942 |
_cPARA _d1 |
||
| 999 |
_c205243 _d205243 |
||